[Event "Tournament 14472 - Europe Echecs"]
[Site "Europe Echecs"]
[Date "2020.07.10"]
[Round "4"]
[Time "15:39:52"]
[PlyCount "120"]
[White "ReynaudAntoine"]
[Black "EboueIhona"]
[WhiteElo "1231"]
[BlackElo "1429"]
[Mode "WEB"]
[Result "1-0"]

1. e4 d5 2. exd5 Nf6 3. Nc3 Nxd5 4. Nxd5 Qxd5 5. Nf3 Bg4 6. Be2 e6 7. O-O Nc6 8.
Re1 Bc5 9. Ne5 Bxe2 10. Qxe2 Nxe5 11. Qxe5 Qxe5 12. Rxe5 Bb6 13. d3 Bd4 14. Re4
Bf6 15. Rb1 O-O 16. b3 Rfd8 17. Bb2 Bxb2 18. Rxb2 Rd6 19. Rb4 b6 20. Rb1 Rad8
21. a4 a5 22. Rc4 c6 23. Re1 Kf8 24. Re5 c5 25. Re3 Rc6 26. Rg4 g6 27. Rh4 Kg7
28. Reh3 h5 29. Rf4 Rd4 30. Re4 f5 31. Re5 Kf6 32. Rhe3 Rcd6 33. g3 R4d5 34.
Rxd5 Rxd5 35. f4 e5 36. fxe5+ Rxe5 37. Kf2 Rxe3 38. Kxe3 Ke5 39. h4 Kd5 40. c3
Ke5 41. Kf3 Kd5 42. Kf4 Ke6 43. Kg5 Kf7 44. d4 cxd4 45. cxd4 Ke6 46. Kxg6 Kd5
47. Kxh5 Kxd4 48. Kg5 Kc3 49. h5 Kxb3 50. h6 Kxa4 51. h7 b5 52. h8=Q b4 53. Qa1+
Kb5 54. Kxf5 a4 55. Ke5 a3 56. Qa2 Ka4 57. Kd4 Kb5 58. Qb3 Ka5 59. Kc5 Ka6 60.
Qxb4 {EboueIhona a abandonné} 1-0

[Event "Tournament 14472 - Europe Echecs"]
[Site "Europe Echecs"]
[Date "2020.07.10"]
[Round "4"]
[Time "15:39:52"]
[PlyCount "22"]
[White "DrieuHugo"]
[Black "DeMendoncaLeo"]
[WhiteElo "1425"]
[BlackElo "1199"]
[Mode "WEB"]
[Result "1-0"]

1. e4 e5 2. Nf3 f6 3. Nxe5 fxe5 4. Qh5+ g6 5. Qxe5+ Be7 6. Qxh8 Kf7 7. Bc4+ d5
8. Bxd5+ Be6 9. Qxh7+ Kf8 10. Bxe6 Nc6 11. Qxg8# {DeMendoncaLeo est échec et mat} 1-0

[Event "Tournament 14472 - Europe Echecs"]
[Site "Europe Echecs"]
[Date "2020.07.10"]
[Round "4"]
[Time "15:39:52"]
[PlyCount "67"]
[White "ManuelInes"]
[Black "MaufroyAlexand"]
[WhiteElo "1230"]
[BlackElo "1424"]
[Mode "WEB"]
[Result "0-1"]

1. e4 b6 2. c4 Bb7 3. Nc3 e6 4. d3 Be7 5. Nf3 d6 6. d4 Nf6 7. d5 exd5 8. cxd5
O-O 9. Bd3 Nbd7 10. O-O Ne5 11. Nxe5 dxe5 12. Bg5 h6 13. Bxf6 Bxf6 14. Rc1 Rc8
15. Nb5 a6 16. Na7 Ra8 17. Bxa6 Rxa7 18. Bb5 Rxa2 19. b3 Bg5 20. Rc2 Rxc2 21.
Qxc2 Qd6 22. Bc6 Bxc6 23. dxc6 Rd8 24. g3 Qd3 25. Qb2 Qxe4 26. h4 Rd2 27. f3 Qe2
28. Qxd2 Bxd2 29. g4 Bf4 30. Ra1 Qh2+ 31. Kf1 Be3 32. Ke1 Qf2+ 33. Kd1 Qd2# {ManuelInes est échec et mat} 0-1

[Event "Tournament 14472 - Europe Echecs"]
[Site "Europe Echecs"]
[Date "2020.07.10"]
[Round "4"]
[Time "15:39:52"]
[PlyCount "34"]
[White "PiquardYarosla"]
[Black "ElimortJessene"]
[WhiteElo "1415"]
[BlackElo "1199"]
[Mode "WEB"]
[Result "1-0"]

1. e4 e5 2. Nf3 Nf6 3. Nxe5 Nc6 4. Nf3 Bc5 5. Bc4 Nxe4 6. O-O g5 7. d3 g4 8.
dxe4 gxf3 9. Qxf3 Ne5 10. Qc3 Bd6 11. f4 Ng6 12. e5 Bc5+ 13. Kh1 a6 14. f5 Nh4
15. e6 Rf8 16. exf7+ Ke7 17. Qe5# {ElimortJessene est échec et mat} 1-0

[Event "Tournament 14472 - Europe Echecs"]
[Site "Europe Echecs"]
[Date "2020.07.10"]
[Round "4"]
[Time "15:39:52"]
[PlyCount "103"]
[White "SalvignolNatha"]
[Black "WuClara"]
[WhiteElo "1209"]
[BlackElo "1403"]
[Mode "WEB"]
[Result "0-1"]

1. e4 c5 2. Nf3 g6 3. Bc4 Bg7 4. d3 Nc6 5. Nc3 d6 6. Be3 Nf6 7. Qd2 a6 8. a4 Bd7
9. O-O O-O 10. Bh6 Bg4 11. Qe3 Bxf3 12. Bxg7 Kxg7 13. Qxf3 Nd4 14. Qd1 Nd7 15.
Re1 Ne5 16. f4 Nxc4 17. dxc4 Qd7 18. Nd5 Qd8 19. f5 Rb8 20. c3 Nc6 21. Qg4 Ne5
22. Qg5 Re8 23. Rf1 Nd7 24. Rf3 Nf6 25. Raf1 Nxe4 26. f6+ exf6 27. Qf4 Re6 28.
R1f2 Nxf2 29. Rxf2 Re1+ 30. Rf1 Rxf1+ 31. Qxf1 b5 32. cxb5 axb5 33. axb5 Rxb5
34. Qxb5 Qe8 35. Qf1 Qe5 36. Nf4 Qe3+ 37. Kh1 Qd2 38. Qb1 Qxf4 39. g3 Qf3+ 40.
Kg1 d5 41. Qe1 d4 42. c4 d3 43. Qd2 Qe4 44. b3 Qf5 45. Qe3 h6 46. Kg2 h5 47. h3
g5 48. Kh2 h4 49. gxh4 Qf4+ 50. Qxf4 gxf4 51. Kg2 d2 {SalvignolNatha a abandonné} 0-1

[Event "Tournament 14472 - Europe Echecs"]
[Site "Europe Echecs"]
[Date "2020.07.10"]
[Round "4"]
[Time "15:39:52"]
[PlyCount "128"]
[White "EricAndrianaFi"]
[Black "CastetsAntoine"]
[WhiteElo "1401"]
[BlackElo "1120"]
[Mode "WEB"]
[Result "1-0"]

1. e4 e5 2. Nf3 Nc6 3. Bc4 Nf6 4. d3 Bd6 5. O-O O-O 6. Bg5 h6 7. Bh4 Nd4 8. Nc3
Nxf3+ 9. Qxf3 b6 10. Nd5 Be7 11. Nxe7+ Qxe7 12. Rfe1 Bb7 13. Re3 Qd6 14. Bxf6
Qxf6 15. Qxf6 gxf6 16. Rae1 Kh7 17. Rf3 Kg6 18. Ree3 Rad8 19. Rg3+ Kh7 20. Ref3
d5 21. exd5 Bxd5 22. Bxd5 Rxd5 23. Rxf6 e4 24. Rh3 h5 25. Kf1 exd3 26. Rxd3 Rxd3
27. cxd3 Re8 28. Rxf7+ Kg8 29. Rxc7 a5 30. Rb7 Rd8 31. Rxb6 Rxd3 32. Rb5 Rd2 33.
Ke1 Rc2 34. Rb3 a4 35. Rb4 a3 36. bxa3 Rxa2 37. Ra4 Kf7 38. Kf1 Ke6 39. g3 Kd5
40. Kg2 Ke6 41. Kf3 Kf6 42. Ra8 Kg5 43. a4 Ra3+ 44. Kg2 Kg4 45. a5 h4 46. h3+
Kg5 47. a6 hxg3 48. fxg3 Ra2+ 49. Kf3 Ra3+ 50. Kg2 Ra2+ 51. Kf3 Ra3+ 52. Ke4
Ra4+ 53. Kd5 Ra5+ 54. Kc6 Ra3 55. a7 Kf6 56. Rf8+ Ke7 57. a8=Q Rc3+ 58. Kb5 Rb3+
59. Kc4 Rxg3 60. Qd8+ Ke6 61. Qe8+ Kd6 62. Rf6+ Kc7 63. Qe7+ Kc8 64. Rf8# {CastetsAntoine est échec et mat} 1-0

[Event "Tournament 14472 - Europe Echecs"]
[Site "Europe Echecs"]
[Date "2020.07.10"]
[Round "4"]
[Time "15:39:52"]
[PlyCount "62"]
[White "DevizaAndrei"]
[Black "GerardKelian"]
[WhiteElo "1379"]
[BlackElo "1056"]
[Mode "WEB"]
[Result "1-0"]

1. e4 e6 2. d4 d5 3. e5 c5 4. c3 Nc6 5. Nf3 Qb6 6. Na3 a6 7. Nc2 Nge7 8. Rb1 Nf5
9. Be2 Qa5 10. a3 f6 11. exf6 gxf6 12. O-O Bd7 13. Re1 O-O-O 14. b4 cxb4 15.
Nxb4 Nxb4 16. axb4 Qc7 17. Bf4 Qxf4 18. Qc2 Kb8 19. b5 a5 20. Qa4 b6 21. c4 Nxd4
22. Nxd4 Qxd4 23. Rbd1 Qc5 24. cxd5 exd5 25. Rc1 Qb4 26. Qa1 Bxb5 27. Rb1 Qa4
28. Qxf6 Bb4 29. Qxb6+ Ka8 30. Bxb5 Rb8 31. Qa6# {GerardKelian est échec et mat} 1-0

[Event "Tournament 14472 - Europe Echecs"]
[Site "Europe Echecs"]
[Date "2020.07.10"]
[Round "4"]
[Time "15:39:52"]
[PlyCount "85"]
[White "SwietlikAlexan"]
[Black "SemenovMaxime"]
[WhiteElo "1130"]
[BlackElo "1367"]
[Mode "WEB"]
[Result "0-1"]

1. e4 c6 2. Nc3 d5 3. d4 dxe4 4. Be3 Nf6 5. Bc4 Bg4 6. f3 exf3 7. Nxf3 Bxf3 8.
gxf3 e6 9. Qd3 Nbd7 10. O-O-O Bd6 11. Rhg1 g6 12. Bh6 Qc7 13. Qd2 O-O-O 14. Ne2
Bxh2 15. Rg2 Nb6 16. Bg7 Nxc4 17. Qc3 Bf4+ 18. Nxf4 Qxf4+ 19. Kb1 Ne3 20. Bxh8
Nxd1 21. Qd2 Qxd2 22. Rxd2 Rxh8 23. Rxd1 Rd8 24. c3 c5 25. Kc2 cxd4 26. cxd4 Nd5
27. b3 Ne3+ 28. Kd2 Nxd1 29. Kxd1 Rxd4+ 30. Ke2 Kc7 31. Ke3 e5 32. f4 Rxf4 33.
Kd3 Kd6 34. Kc3 Kc5 35. a4 h5 36. Kb2 Rf3 37. Ka3 h4 38. a5 h3 39. Ka4 h2 40.
b4+ Kc4 41. b5 h1=Q 42. a6 Qa1# {SwietlikAlexan est échec et mat} 0-1

[Event "Tournament 14472 - Europe Echecs"]
[Site "Europe Echecs"]
[Date "2020.07.10"]
[Round "4"]
[Time "15:39:52"]
[PlyCount "32"]
[White "BelGirardotCha"]
[Black "PodbeltsevKiri"]
[WhiteElo "1361"]
[BlackElo "999"]
[Mode "WEB"]
[Result "1-0"]

1. e4 d5 2. exd5 Qxd5 3. Nc3 Qa5 4. d3 Nc6 5. Bd2 Qe5+ 6. Qe2 Bg4 7. Qxe5 Nxe5
8. h3 Be6 9. Bf4 f6 10. Bxe5 fxe5 11. Nf3 Nf6 12. Nxe5 Rb8 13. Nb5 Bd7 14. Nxc7+
Kd8 15. Nf7+ Kxc7 16. Nxh8 {PodbeltsevKiri a abandonné} 1-0

[Event "Tournament 14472 - Europe Echecs"]
[Site "Europe Echecs"]
[Date "2020.07.10"]
[Round "4"]
[Time "15:39:52"]
[PlyCount "49"]
[White "MiomandreMouni"]
[Black "ChevillonManon"]
[WhiteElo "1062"]
[BlackElo "1356"]
[Mode "WEB"]
[Result "0-1"]

1. e4 e5 2. Nf3 Nc6 3. Bc4 Bc5 4. c3 Nf6 5. d4 exd4 6. cxd4 Bb4+ 7. Nc3 Nxe4 8.
O-O Nxc3 9. bxc3 Be7 10. Qb3 O-O 11. d5 Na5 12. Qa4 Nxc4 13. Qxc4 d6 14. Be3 Bd7
15. Rab1 a6 16. Rxb7 Bb5 17. Qxc7 Qxc7 18. Rxc7 Bxf1 19. Kxf1 Bf6 20. Bd4 Bxd4
21. Nxd4 h6 22. Rd7 Rfe8 23. Rxd6 Rab8 24. g3 Rbc8 {MiomandreMouni a perdu au temps} 0-1

[Event "Tournament 14472 - Europe Echecs"]
[Site "Europe Echecs"]
[Date "2020.07.10"]
[Round "4"]
[Time "15:39:52"]
[PlyCount "23"]
[White "LabordeAntonn"]
[Black "EstinCharbonne"]
[WhiteElo "1002"]
[BlackElo "1343"]
[Mode "WEB"]
[Result "1-0"]

1. e4 d5 2. exd5 Nf6 3. Nf3 Bg4 4. h3 Bh5 5. Nc3 Nxd5 6. Bc4 Nb6 7. Bb3 e6 8. a3
Nc6 9. d4 Nxd4 10. Qxd4 Qxd4 11. Nxd4 O-O-O {EstinCharbonne a abandonné} 1-0

[Event "Tournament 14472 - Europe Echecs"]
[Site "Europe Echecs"]
[Date "2020.07.10"]
[Round "4"]
[Time "15:39:52"]
[PlyCount "182"]
[White "PhambanienJacq"]
[Black "MolinesMartin"]
[WhiteElo "1204"]
[BlackElo "1033"]
[Mode "WEB"]
[Result "1-0"]

1. e4 e5 2. Nf3 Nc6 3. Bc4 Nf6 4. d3 h6 5. O-O Bc5 6. c3 d6 7. h3 Be6 8. Bxe6
fxe6 9. Re1 Qd7 10. d4 exd4 11. cxd4 Bb4 12. Re2 O-O-O 13. a3 Ba5 14. b4 Bb6 15.
Bb2 Rhe8 16. b5 Na5 17. a4 d5 18. e5 Nh7 19. Qd2 Nc4 20. Qc3 Ba5 21. Qc2 Kb8 22.
Qxh7 Nxb2 23. Rxb2 c6 24. Nbd2 Bc3 25. Rc2 Bxa1 26. bxc6 bxc6 27. Rc1 Bb2 28.
Rb1 Kc7 29. Rxb2 Rb8 30. Rxb8 Rxb8 31. Qc2 Rb4 32. Kf1 Qc8 33. Ne1 Qb7 34. Nd3
Rb6 35. Ke2 Qa6 36. Ke3 Qb7 37. Nc5 Qc8 38. Qc3 Qe8 39. Qa5 Kb8 40. Nf1 Qg6 41.
Ng3 Qg5+ 42. Kf3 Qg6 43. Nd7+ Kb7 44. Nxb6 axb6 45. Qd2 Qf7+ 46. Ke2 Qg6 47. Qb2
Ka6 48. Qd2 Kb7 49. Qf4 Qc2+ 50. Kf3 Qd3+ 51. Qe3 Qd1+ 52. Ne2 Qxa4 53. Qf4 Qb3+
54. Kg4 Qd1 55. Qf3 b5 56. Ng3 Qxf3+ 57. gxf3 b4 58. Ne2 b3 59. Nc3 Kb6 60. Kf4
Ka5 61. Ke3 Kb4 62. Kd2 Kc4 63. Nb1 c5 64. Ke3 cxd4+ 65. Kd2 d3 66. f4 Kd4 67.
f5 Kxe5 68. fxe6 Kxe6 69. Kxd3 Kd6 70. Kc3 Kc5 71. Kxb3 d4 72. Kc2 Kd5 73. Kd3
g5 74. Ke2 h5 75. Kf3 Ke5 76. Kg3 Ke4 77. f3+ Ke3 78. Na3 d3 79. Nc4+ Ke2 80. f4
gxf4+ 81. Kxf4 d2 82. Nxd2 Kxd2 83. Kg5 Kd3 84. Kxh5 Ke4 85. Kg5 Ke5 86. Kg6 Ke6
87. h4 Ke7 88. Kg7 Ke6 89. h5 Kf5 90. h6 Kg5 91. h7 {MolinesMartin a abandonné} 1-0

[Event "Tournament 14472 - Europe Echecs"]
[Site "Europe Echecs"]
[Date "2020.07.10"]
[Round "4"]
[Time "15:39:52"]
[PlyCount "26"]
[White "BaylacAlison"]
[Black "GuillotYoann"]
[WhiteElo "1199"]
[BlackElo "1157"]
[Mode "WEB"]
[Result "1-0"]

1. d4 Nf6 2. Nc3 g6 3. e4 d6 4. Nf3 Bg7 5. Bc4 O-O 6. O-O e5 7. dxe5 dxe5 8. Qe2
Nc6 9. Rd1 Qe7 10. Bg5 h6 11. Nd5 Nxd5 12. Bxe7 Ndxe7 13. Rd2 {GuillotYoann a abandonné} 1-0

[Event "Tournament 14472 - Europe Echecs"]
[Site "Europe Echecs"]
[Date "2020.07.10"]
[Round "4"]
[Time "15:39:52"]
[PlyCount "119"]
[White "BoucherAngel"]
[Black "ChofardetPierr"]
[WhiteElo "1199"]
[BlackElo "1145"]
[Mode "WEB"]
[Result "0-1"]

1. Nf3 e6 2. Nc3 d5 3. d3 Nf6 4. e4 dxe4 5. dxe4 Qxd1+ 6. Kxd1 Bb4 7. e5 Bxc3 8.
exf6 Bxf6 9. Be3 Bxb2 10. Rb1 Bf6 11. h4 O-O 12. Bd3 Nc6 13. Ng5 Bxg5 14. hxg5
g6 15. g4 e5 16. f4 exf4 17. Bxf4 Bxg4+ 18. Kd2 Bf3 19. Rh3 Bg4 20. Rg3 Bf5 21.
Bxf5 gxf5 22. Bxc7 Rac8 23. Bd6 Rfd8 24. Rd3 Rd7 25. Kc3 Ne5+ 26. Bc5 Nf3 27.
Rxd7 Rxc5+ 28. Kb4 Rxc2 29. Rxb7 Rxa2 30. Kc3 Nxg5 31. Rg1 h6 32. Rc7 a5 33. Rc6
Kg7 34. Kb3 Rf2 35. Rc5 Rf3+ 36. Ka4 f6 37. Kxa5 Kg6 38. Kb6 h5 39. Rc4 f4 40.
Kc6 h4 41. Re4 h3 42. Rh1 Nxe4 43. Kd5 Nc3+ 44. Kd4 Ne2+ 45. Ke4 Ng3+ 46. Kxf3
Nxh1 47. Kxf4 h2 48. Kf3 Nf2 49. Kxf2 h1=Q 50. Kg3 Qh5 51. Kf4 Qe5+ 52. Kg4 Qf5+
53. Kg3 Kg5 54. Kg2 Qf4 55. Kg1 Kg4 56. Kg2 Qf3+ 57. Kh2 Qe2+ 58. Kh1 Kg3 59.
Kg1 Qg2# {BoucherAngel est échec et mat} 0-1

[Event "Tournament 14472 - Europe Echecs"]
[Site "Europe Echecs"]
[Date "2020.07.10"]
[Round "4"]
[Time "15:39:52"]
[PlyCount "94"]
[White "BerezovskyJona"]
[Black "JannotClement"]
[WhiteElo "1130"]
[BlackElo "1199"]
[Mode "WEB"]
[Result "1-0"]

1. e4 c5 2. Nf3 e6 3. d4 b6 4. Be3 Na6 5. a3 Nf6 6. Bd3 Bb7 7. Nbd2 g6 8. c4 Ng4
9. Bf4 f5 10. exf5 gxf5 11. Qe2 cxd4 12. Bxf5 Nh6 13. Bxh6 Bxh6 14. O-O Bxd2 15.
Nxd2 Qf6 16. Qh5+ Qf7 17. Qxf7+ Kxf7 18. Be4 Bxe4 19. Nxe4 Rac8 20. b3 Nc5 21.
Nxc5 bxc5 22. Rfd1 Rb8 23. Rd3 Rhf8 24. Rf3+ Ke7 25. Rh3 Rf7 26. Rd1 Rg8 27.
Rdd3 Rg4 28. b4 Re4 29. f3 Re1+ 30. Kf2 Rc1 31. bxc5 Rxc4 32. Rh4 Rc2+ 33. Kf1
Rc1+ 34. Ke2 Rc2+ 35. Rd2 Rxd2+ 36. Kxd2 Kd8 37. Kd3 Rf5 38. Kxd4 Rd5+ 39. Ke3
Rxc5 40. Rxh7 Rc3+ 41. Kf4 Rxa3 42. g4 d5 43. g5 Ra4+ 44. Ke5 d4 45. g6 d3 46.
g7 d2 47. g8=Q# {JannotClement est échec et mat} 1-0

[Event "Tournament 14472 - Europe Echecs"]
[Site "Europe Echecs"]
[Date "2020.07.10"]
[Round "4"]
[Time "15:39:52"]
[PlyCount "56"]
[White "ClairMathieu"]
[Black "LedouxCamille"]
[WhiteElo "1125"]
[BlackElo "1165"]
[Mode "WEB"]
[Result "1-0"]

1. d4 Nf6 2. Bf4 g6 3. e3 Bg7 4. Nf3 O-O 5. Bd3 d6 6. Nbd2 c5 7. c3 Nc6 8. e4
Nd7 9. O-O e5 10. Be3 cxd4 11. cxd4 exd4 12. Bg5 f6 13. Bh4 Nde5 14. Re1 Nxd3
15. Rf1 Nxb2 16. Qe2 Na4 17. Qc4+ Kh8 18. Qxa4 Qe8 19. Nxd4 Nxd4 20. Qxd4 f5 21.
Qe3 Bxa1 22. Rxa1 fxe4 23. Nxe4 Qe6 24. Qd4+ Kg8 25. Nf6+ Rxf6 26. Bxf6 Bd7 27.
Bh8 Re8 28. Qg7# {LedouxCamille est échec et mat} 1-0

[Event "Tournament 14472 - Europe Echecs"]
[Site "Europe Echecs"]
[Date "2020.07.10"]
[Round "4"]
[Time "15:39:52"]
[PlyCount "62"]
[White "RevillardValen"]
[Black "DennebouyAlexa"]
[WhiteElo "1005"]
[BlackElo "1160"]
[Mode "WEB"]
[Result "1-0"]

1. e4 e5 2. Nf3 Nf6 3. Nxe5 Nxe4 4. Qe2 Nf6 5. Nc6+ Qe7 6. Nxe7 Bxe7 7. Nc3 O-O
8. d3 c6 9. Be3 d5 10. d4 Na6 11. O-O-O Bg4 12. f3 Bf5 13. g4 Bg6 14. h4 h6 15.
h5 Bh7 16. Qd2 Bd6 17. g5 hxg5 18. Bxg5 Ne8 19. Rg1 b6 20. Bh6 Kh8 21. Bxg7+
Nxg7 22. Qg5 Rg8 23. Qf6 Bf8 24. h6 Nb8 25. hxg7+ Bxg7 26. Qxf7 Na6 27. Rh1 Raf8
28. Qh5 Bh6+ 29. Qxh6 Rf7 30. Bxa6 Rg6 31. Qxg6 {DennebouyAlexa a abandonné} 1-0

[Event "Tournament 14472 - Europe Echecs"]
[Site "Europe Echecs"]
[Date "2020.07.10"]
[Round "5"]
[Time "16:09:51"]
[PlyCount "94"]
[White "BrunPierre"]
[Black "CandelotClemen"]
[WhiteElo "1803"]
[BlackElo "2089"]
[Mode "WEB"]
[Result "1/2-1/2"]

1. d4 d5 2. c4 e6 3. Nc3 c6 4. Nf3 dxc4 5. a4 Bb4 6. e3 b5 7. Bd2 Bxc3 8. Bxc3
a5 9. Bd2 Bb7 10. Be2 Nf6 11. O-O O-O 12. Ne5 Nbd7 13. Bf3 Nxe5 14. dxe5 Nd5 15.
e4 Ne7 16. Qe1 b4 17. Rd1 Qc7 18. Bf4 Ng6 19. Bg3 Nxe5 20. Be2 Ba6 21. f4 Nd7
22. f5 e5 23. Rc1 f6 24. Bxc4+ Bxc4 25. Rxc4 Nb6 26. Rc2 Nxa4 27. Qa1 Nb6 28.
Rfc1 Qa7 29. Bf2 Qb7 30. Rxc6 Nd7 31. Rc7 Qb5 32. Rd1 Rfd8 33. Rd5 Qe2 34. Rcxd7
Rxd7 35. Rxd7 Qxe4 36. Qd1 Qxf5 37. Rd8+ Rxd8 38. Qxd8+ Kf7 39. h3 a4 40. Qd5+
Kg6 41. Qa2 Qc2 42. Qe6 Qxb2 43. Qe8+ Kf5 44. Qd7+ Kg6 45. Qe8+ Kf5 46. Qd7+ Kg6
47. Qe8+ {Nulle par répétition} 1/2-1/2

[Event "Tournament 14472 - Europe Echecs"]
[Site "Europe Echecs"]
[Date "2020.07.10"]
[Round "5"]
[Time "16:09:51"]
[PlyCount "96"]
[White "CavaillesEvan"]
[Black "ArhanTanguy"]
[WhiteElo "2018"]
[BlackElo "2016"]
[Mode "WEB"]
[Result "1-0"]

1. e4 c5 2. Nf3 d6 3. d4 cxd4 4. Nxd4 Nf6 5. Nc3 a6 6. f3 Qb6 7. Nb3 e6 8. Qe2
Qc7 9. Be3 b5 10. a3 Nbd7 11. Qf2 Bb7 12. g4 h6 13. Bg2 d5 14. exd5 Nxd5 15.
Nxd5 Bxd5 16. f4 Bxg2 17. Qxg2 Rc8 18. O-O-O Nc5 19. Nxc5 Bxc5 20. Bxc5 Qxc5 21.
f5 O-O 22. fxe6 Qe3+ 23. Kb1 Qxe6 24. h4 Rfe8 25. Rd2 Rcd8 26. Rxd8 Rxd8 27. g5
h5 28. Rf1 Qc4 29. Qf2 Rd4 30. b3 Qd5 31. Kb2 Rd2 32. Qf5 Qxf5 33. Rxf5 Rd4 34.
Rc5 Rxh4 35. Rc8+ Kh7 36. Rc6 Rg4 37. Rxa6 Rxg5 38. c4 bxc4 39. bxc4 h4 40. Rd6
h3 41. Rd1 h2 42. Rh1 Rh5 43. Kb3 g5 44. c5 g4 45. c6 g3 46. Rc1 g2 47. c7 g1=Q
48. c8=Q {ArhanTanguy a perdu au temps} 1-0

[Event "Tournament 14472 - Europe Echecs"]
[Site "Europe Echecs"]
[Date "2020.07.10"]
[Round "5"]
[Time "16:09:51"]
[PlyCount "74"]
[White "RobertYoann"]
[Black "CaptonRafael"]
[WhiteElo "2071"]
[BlackElo "1737"]
[Mode "WEB"]
[Result "1-0"]

1. b3 Nf6 2. Bb2 g6 3. Bxf6 exf6 4. c4 Bg7 5. Nc3 O-O 6. g3 c6 7. Bg2 f5 8. Rc1
b6 9. e3 Bb7 10. Nge2 Na6 11. O-O Rb8 12. d4 d5 13. cxd5 cxd5 14. Qd2 Qd7 15.
Nf4 Nc7 16. Rc2 Rfc8 17. Rfc1 a6 18. Na4 Qd6 19. Nd3 Ne8 20. Rxc8 Rxc8 21. Rxc8
Bxc8 22. Qb4 Qc6 23. Nxb6 Bb7 24. Bxd5 Qc2 25. Bxb7 Qxd3 26. Nd7 h5 27. Qe7 h4
28. Qxe8+ Kh7 29. Bg2 hxg3 30. hxg3 Qd1+ 31. Bf1 Qh5 32. Qxf7 Qg5 33. Nf8+ Kh8
34. Ne6 Qh6 35. Qxg7+ Qxg7 36. Nxg7 Kxg7 37. Bxa6 {CaptonRafael a abandonné} 1-0

[Event "Tournament 14472 - Europe Echecs"]
[Site "Europe Echecs"]
[Date "2020.07.10"]
[Round "5"]
[Time "16:09:51"]
[PlyCount "87"]
[White "MartinezMartin"]
[Black "SumarrivaPauliL"]
[WhiteElo "1917"]
[BlackElo "2023"]
[Mode "WEB"]
[Result "0-1"]

1. d4 d5 2. c4 dxc4 3. Nf3 Nf6 4. e3 e6 5. Bxc4 c5 6. O-O Nc6 7. Nc3 a6 8. a3 b5
9. Ba2 Be7 10. Ne5 Bb7 11. Nxc6 Bxc6 12. dxc5 Bxc5 13. b4 Bd6 14. Bb2 O-O 15.
Qc2 Rc8 16. Rac1 Qe7 17. Rfd1 e5 18. Qe2 e4 19. Nd5 Nxd5 20. Bxd5 Bxd5 21. Rxd5
Rxc1+ 22. Bxc1 Bxh2+ 23. Kxh2 Qc7+ 24. g3 Qxc1 25. Qg4 Qxa3 26. Qxe4 Qb2 27. Kg2
g6 28. Rd6 Qa3 29. Rb6 Rd8 30. Qe7 Rf8 31. Qd6 a5 32. Rxb5 axb4 33. Rxb4 Qa8+
34. e4 Re8 35. Qd5 Qa3 36. Rb7 Rf8 37. e5 Qa6 38. Kf3 h5 39. Ke3 Qa3+ 40. Kd4
Qc1 41. Ke4 Qe1+ 42. Kf3 Qh1+ 43. Kf4 Qxd5 {MartinezMartin a abandonné} 0-1

[Event "Tournament 14472 - Europe Echecs"]
[Site "Europe Echecs"]
[Date "2020.07.10"]
[Round "5"]
[Time "16:09:51"]
[PlyCount "99"]
[White "LarmetNino"]
[Black "MathieuPhileas"]
[WhiteElo "1818"]
[BlackElo "2214"]
[Mode "WEB"]
[Result "0-1"]

1. e4 c5 2. Nc3 Nc6 3. g3 g6 4. Bg2 Bg7 5. d3 Nf6 6. Nge2 O-O 7. O-O e6 8. f4 d5
9. e5 Nd7 10. d4 b6 11. Be3 Ba6 12. Rf2 Rc8 13. a4 cxd4 14. Nxd4 Nxd4 15. Bxd4
Nc5 16. b4 Nd7 17. b5 Bb7 18. Nb1 Qe7 19. c3 Nc5 20. Nd2 Rc7 21. Nb3 Rd8 22.
Nxc5 bxc5 23. Be3 f6 24. exf6 Qxf6 25. Rc1 d4 26. cxd4 cxd4 27. Bd2 Rxc1 28.
Bxc1 Bxg2 29. Kxg2 d3 30. Bb2 Qf7 31. Bxg7 Qxg7 32. Rd2 Qd4 33. Qb3 Qe4+ 34. Kf2
Qd4+ 35. Kg2 Qe3 36. Qc3 Qe4+ 37. Kf2 g5 38. Qf6 Rd5 39. h3 gxf4 40. gxf4 Rf5
41. Qd8+ Kg7 42. Qe7+ Kg6 43. Qe8+ Kh6 44. Kg1 Qe3+ 45. Rf2 d2 46. Qd7 Rd5 47.
Qxd5 exd5 48. f5 d1=Q+ 49. Kg2 Qe4+ {LarmetNino a abandonné} 0-1

[Event "Tournament 14472 - Europe Echecs"]
[Site "Europe Echecs"]
[Date "2020.07.10"]
[Round "5"]
[Time "16:09:51"]
[PlyCount "38"]
[White "KuhnClement"]
[Black "CarlierBromber"]
[WhiteElo "2150"]
[BlackElo "1790"]
[Mode "WEB"]
[Result "1-0"]

1. d4 d5 2. Nf3 Nf6 3. e3 b6 4. Bd3 Bb7 5. b3 Nbd7 6. Bb2 e6 7. O-O Be7 8. Nbd2
O-O 9. c4 c5 10. Ne5 Nxe5 11. dxe5 Nd7 12. f4 f6 13. Nf3 fxe5 14. Nxe5 Nxe5 15.
Bxe5 Bf6 16. Qh5 dxc4 17. Bxh7+ Kh8 18. Bg6+ Kg8 19. Qh7# {CarlierBromber est échec et mat} 1-0

[Event "Tournament 14472 - Europe Echecs"]
[Site "Europe Echecs"]
[Date "2020.07.10"]
[Round "5"]
[Time "16:09:51"]
[PlyCount "61"]
[White "FloresVictor"]
[Black "AdrianLeopold"]
[WhiteElo "1741"]
[BlackElo "2061"]
[Mode "WEB"]
[Result "0-1"]

1. e4 e6 2. d3 d5 3. Nd2 Nf6 4. Ngf3 Nc6 5. g3 dxe4 6. dxe4 e5 7. Bg2 Bc5 8. O-O
O-O 9. c3 a5 10. a4 b6 11. Re1 Qe7 12. Qc2 Ng4 13. Rf1 Ba6 14. h3 Bxf1 15. hxg4
Bxg2 16. Kxg2 Rad8 17. Nc4 Qe6 18. Ne3 Bxe3 19. Bxe3 Qxg4 20. Rh1 Rd7 21. Rh4
Qg6 22. Nh2 f5 23. f3 f4 24. Bf2 fxg3 25. Rg4 Qf7 26. Rxg3 Rfd8 27. Qc1 Rd2 28.
Ng4 Qf4 29. Ne3 Qxe3 30. Kh1 Rd1+ {FloresVictor a perdu au temps} 0-1

[Event "Tournament 14472 - Europe Echecs"]
[Site "Europe Echecs"]
[Date "2020.07.10"]
[Round "5"]
[Time "16:09:51"]
[PlyCount "129"]
[White "CuttoliAlexand"]
[Black "LonckeMatthieu"]
[WhiteElo "2044"]
[BlackElo "1726"]
[Mode "WEB"]
[Result "1/2-1/2"]

1. d4 d5 2. Bf4 Nf6 3. e3 c5 4. c3 Nc6 5. Nf3 Qb6 6. Qc1 Bf5 7. Nbd2 Rc8 8. Be2
e6 9. h3 h6 10. O-O Be7 11. Rd1 cxd4 12. exd4 O-O 13. Ne5 Nxd4 14. Bf1 Nc6 15.
Ndf3 Ne4 16. Be3 Qc7 17. Nxc6 bxc6 18. c4 Bf6 19. Nd4 Bg6 20. cxd5 cxd5 21. Qxc7
Rxc7 22. Nb5 Rb7 23. Bd4 Bxd4 24. Rxd4 a6 25. Nc3 Rxb2 26. Nxe4 Bxe4 27. Bxa6
Ra8 28. Bd3 Bxd3 29. Rxd3 Rbxa2 30. Rxa2 Rxa2 31. g3 Kf8 32. Kg2 Ke7 33. Kf3 Kd6
34. h4 f6 35. Rb3 Ra7 36. Rb6+ Ke5 37. Ke3 d4+ 38. Kd3 Ra3+ 39. Ke2 Ra2+ 40. Kf3
d3 41. Rb5+ Kd6 42. Rb6+ Ke7 43. Rb7+ Kf8 44. Rd7 Ra3 45. Ke3 e5 46. Rxd3 Rxd3+
47. Kxd3 f5 48. f3 Ke7 49. g4 g6 50. gxf5 gxf5 51. Ke3 Kd6 52. f4 e4 53. Kd4 Kc6
54. Kc4 Kb6 55. Kd4 Kb5 56. Ke5 e3 57. Kxf5 e2 58. Kg6 e1=Q 59. h5 Qe6+ 60. Kh7
Qf6 61. f5 Qxf5+ 62. Kxh6 Qf6+ 63. Kh7 Qf7+ 64. Kh6 Qg8 {Nulle par pat} 1/2-1/2

[Event "Tournament 14472 - Europe Echecs"]
[Site "Europe Echecs"]
[Date "2020.07.10"]
[Round "5"]
[Time "16:09:51"]
[PlyCount "38"]
[White "LambachMaxime"]
[Black "SureauCorentin"]
[WhiteElo "1980"]
[BlackElo "1686"]
[Mode "WEB"]
[Result "1-0"]

1. e4 c5 2. Nf3 Nc6 3. Bb5 e6 4. Bxc6 bxc6 5. b3 d5 6. Nc3 g6 7. Bb2 Bg7 8. d3
Ne7 9. O-O O-O 10. Re1 Qa5 11. Na4 Bxb2 12. Nxb2 Rb8 13. Qe2 Ba6 14. Qe3 Kg7 15.
Na4 d4 16. Qg5 f6 17. Qxc5 Qd8 18. Nxd4 Bb5 19. Nxe6+ {SureauCorentin a abandonné} 1-0